سياسة الأسكدنر الأكبر تجاه بلاد العرب والجزيرة العربية (332-323 ق.م)
محفوظ في:
المؤلف الرئيسي:
التنسيق: كتاب
اللغة: Undetermined
منشور في:
Qatar
Qatar University
2001
الوسوم: إضافة وسم
لا توجد وسوم, كن أول من يضع وسما على هذه التسجيلة!
رقم الطلب:
| LEADER | 00396nam a2200109Ia 4500 | ||
|---|---|---|---|
| 008 | 240503s9999||||xx |||||||||||||| ||und|| | ||
| 100 | 1 | |a إبراهيم عبدالعزيز جندى | |
| 245 | 1 | 0 | |a سياسة الأسكدنر الأكبر تجاه بلاد العرب والجزيرة العربية (332-323 ق.م) |
| 264 | 1 | |a Qatar |b Qatar University |c 2001 | |
| 300 | |a 224 |c 24 | ||
| 942 | |2 lcc |c BK | ||
| 999 | |c 58323 |d 58323 | ||
